| 000 | 01783cam a22004458i 4500 | ||
|---|---|---|---|
| 001 | 1341343326 | ||
| 003 | OCoLC | ||
| 005 | 20230717125250.0 | ||
| 008 | 220817s2023 nyua c 6 000 1 eng | ||
| 010 | _a2022023611 | ||
| 020 | _a9781665931571 (hardcover) | ||
| 020 | _a1665931574 | ||
| 020 | _a9781665931564 (paperback) | ||
| 020 | _a1665931566 | ||
| 035 | _a(OCoLC)1341343326 | ||
| 040 |
_aDLC _beng _erda _cDLC _dOCLCF _dNYP _dUAP _dTOH _dCO2 |
||
| 042 | _apcc | ||
| 049 | _aCO2A | ||
| 092 |
_bBlack _ajunior graphic |
||
| 100 | 1 |
_aBlack, Roan, _eauthor. _96465184 |
|
| 245 | 1 | 0 |
_aGuardians of Horsa. _n1, _pLegend of the yearling / _cby Roan Black ; illustrated Glass House Graphics. |
| 246 | 3 | _aLegend of the yearling. | |
| 250 | _aFirst Little Simon edition. | ||
| 264 | 1 |
_aNew York : _bLittle Simon, _c2023. |
|
| 300 |
_a139 pages : _billustrations ; _c24 cm. |
||
| 336 | _atext | ||
| 336 | _astill image | ||
| 337 | _aunmediated | ||
| 338 | _avolume | ||
| 490 |
_aGuardians of Horsa: _v1. |
||
| 520 | _aThe herds of magical horses in Horsa have a fragile alliance, but when a prophecy stating that a yearling with a new kind of magic has been born, the four herds each elect a group of horses to find the yearling and bring balance to Horsa. | ||
| 521 |
_aAges 5-9. _bLittle Simon. |
||
| 521 |
_aGrades K-1. _bLittle Simon. |
||
| 650 | 0 |
_aMagic _vJuvenile fiction _vComic books, strips, etc. _96465185 |
|
| 650 | 0 |
_aHorses _vJuvenile fiction _vComic books, strips, etc. _96465186 |
|
| 650 | 0 |
_aFate and fatalism _vJuvenile fiction _vComic books, strips, etc. _96465187 |
|
| 655 | 7 |
_aGraphic novels. _2lcgft. |
|
| 710 | 2 |
_aGlass House Graphics, _eillustrator. _96414450 |
|
| 942 |
_2ddc _cBOOK |
||
| 999 |
_c382702 _d382702 |
||